Los felices 90 (Registro nro. 4901)

Detalles MARC
000 -LEADER
fixed length control field 01370 a2200253 4500
001 - CONTROL NUMBER
control field 49830
005 - DATE AND TIME OF LATEST TRANSACTION
control field 20260407155759.0
008 - FIXED-LENGTH DATA ELEMENTS--GENERAL INFORMATION
fixed length control field 260407a2003 arg spa d
003 - CONTROL NUMBER IDENTIFIER
control field AR-UNSa-BCEJYS
040 ## - CATALOGING SOURCE
Original cataloging agency AR-UNSa-BCEJYS
Language of cataloging spa
Transcribing agency AR-UNSa-BCEJYS
080 ## - UNIVERSAL DECIMAL CLASSIFICATION NUMBER
Universal Decimal Classification number 316.421:339.9
Common auxiliary subdivision Origen de las sociedades globales y estructura social, económico, político y cultural (Globalización)<br/>
020 ## - INTERNATIONAL STANDARD BOOK NUMBER
International Standard Book Number 950-511-903-8
041 ## - LANGUAGE CODE
Language code of text/sound track or separate title spa
100 1# - MAIN ENTRY--PERSONAL NAME
Personal name Stiglitz, Joseph E.
245 10 - TITLE STATEMENT
Title Los felices 90
Name of part/section of a work la semilla de la destrucción
264 #1 - PRODUCTION, PUBLICATION, DISTRIBUTION, MANUFACTURE, AND COPYRIGHT NOTICE
Place of production, publication, distribution, manufacture Buenos Aires :
Name of producer, publisher, distributor, manufacturer Taurus
Date of production, publication, distribution, manufacture, or copyright notice 2003
300 ## - PHYSICAL DESCRIPTION
Extent 415 p.
Dimensions 24 cm.
505 ## - FORMATTED CONTENTS NOTE
Formatted contents note 1. Prosperidad y crisis – 2. ¿Prosperidad milagrosa o aciertos involuntarios? – 3. La omnipotente Reserva Federal y su papel en el crecimiento de la burbuja – 4. Una desregulación desenfrenada – 5. Contabilidad creativa – 6. Los bancos y la burbuja – 7. Rebajas impositivas: Aire para la burbuja – 8. El riesgo como modo de vida – 9. La globalización: primeras incursiones – 10. Enron – 11. Desmontar los mitos – 12. Hacia un nuevo idealismo democrático: visión y valores.
590 ## - LOCAL NOTE (RLIN)
Local note niveau_biblio:m niveau_hierar:0
700 1# - ADDED ENTRY--PERSONAL NAME
Personal name Gordo del Rey, Victoria
700 1# - ADDED ENTRY--PERSONAL NAME
Personal name Ramírez Trapero, Moisés
856 41 - ELECTRONIC LOCATION AND ACCESS
Uniform Resource Identifier <a href="https://www.biblioeco.unsa.edu.ar/pmb/images/libros/L128208.jpg">https://www.biblioeco.unsa.edu.ar/pmb/images/libros/L128208.jpg</a>
Link text Imagen de portada
Electronic format type image/jpeg
942 ## - ADDED ENTRY ELEMENTS (KOHA)
Koha item type
Existencias
Withdrawn status Lost status Damaged status Not for loan Home library Current library Shelving location Date acquired Total checkouts Full call number Barcode Date last seen Price effective from Koha item type
        Biblioteca Prof. Eusebio Cleto del Rey Biblioteca Prof. Eusebio Cleto del Rey   07/04/2026   316.421:339.9 S854 L128208 07/04/2026 07/04/2026 Libro